Joueurs alignés en finale de Champions League 2015 - Statistiques

Statistiques générales
  • Ce quiz a été pris 284 fois
  • Le résultat moyen est 18 sur 22
Statistiques - réponses
Joueurs Réponses % Correct
Attaquant - Barcelone Lionel Messi
100%
Attaquant - Barcelone Luiz Suárez
100%
Gardien - Juventus Gianluigi Buffon
99%
Défenseur - Barcelone Gérard Piqué
98%
Attaquant - Barcelone Neymar
98%
Milieu - Barcelone Andres Iniesta
96%
Gardien - Barcelone ter Stegen
96%
Milieu - Barcelone Sergio Busquets
95%
Défenseur - Barcelone Jordi Alba
93%
Défenseur - Barcelone Dani Alves
88%
Défenseur - Juventus Leonardo Bonucci
88%
Milieu - Barcelone Ivan Rakitić
85%
Milieu - Juventus Paul Pogba
83%
Milieu - Juventus Andrea Pirlo
75%
Défenseur - Barcelone Javier Mascherano
74%
Défenseur - Juventus Andrea Barzagli
72%
Attaquant - Juventus Álvaro Morata
70%
Attaquant - Juventus Carlos Tévez
60%
Milieu - Juventus Claudio Marchisio
59%
Défenseur - Juventus Patrice Évra
54%
Milieu - Juventus Arturo Vidal
48%
Défenseur - Juventus Stephan Lichtsteiner
30%
Aucun quiz correspondant
Distribution des résultats
% des personnes avec chaque résultat
Percentile par nombre de réponses
Votre historique - résultats
Vous n’avez pas pris ce quiz